000 00255nam a22001097a 4500
082 _a100
100 _aOSHO
_918534
245 _aJOKING AROUND Tao Insight into Life
260 _aMumbai
_bJaico Publishing House
_c2024
650 _aPhilosophy
942 _cBK
999 _c67413
_d67413